Teorie regulace : 1. Lineární regulace

Saved in:
Bibliographic Details
Main Authors: Kubík, Stanislav (Author), Kotek, Zdeněk (Author), Šalamon, Miroslav (Author)
Format: Book
Language:Czech
Published: Praha : SNTL, 1968
Edition:1. vyd.
Tags: Add Tag
No Tags, Be the first to tag this record!

MARC

LEADER 00000nam a22000003a 4500
001 stu51654
005 20150617225705.9
008 000119s1968----cs------------------cze-d
040 |a STU  |b slo 
041 0 |a cze 
044 |a cs 
080 |a 681.5 
100 1 |a Kubík, Stanislav  |4 aut 
245 1 |a Teorie regulace :  |b 1. Lineární regulace 
250 |a 1. vyd. 
260 |a Praha :  |b SNTL,  |c 1968 
300 |a 267 s 
700 1 |a Kotek, Zdeněk  |4 aut 
700 1 |a Šalamon, Miroslav  |4 aut 
996 |b 284EK02158  |c E*34272  |l EE0101  |s P  |a 0  |w stu51654_0001 
996 |b 284EK02245  |c E*20549  |l EE01  |s A  |a 24  |w stu51654_0003